| 000 | 00970nam a2200265 a 4500 | ||
|---|---|---|---|
| 001 | 57670 | ||
| 003 | BD-RjUL | ||
| 005 | 20211209080536.0 | ||
| 008 | 161211s2002 enka b 001 0 eng | ||
| 020 | _a0849304393 (alk. paper) | ||
| 035 | _a(BD-RjUL)57794 | ||
| 040 |
_aDLC _cDLC _dBD-RjUL _beng |
||
| 041 | _aeng | ||
| 082 | 0 | 0 |
_a306.46 _223 _bGEN 2002 |
| 245 | 1 | 0 |
_aGenetically engineered organisms : _bassessing environmental and human health effects / _cedited by Deborah K. Letourneau, Beth Elpern Burrows. |
| 260 |
_aLondon : _bCRC Press, _cc2002. |
||
| 300 |
_a438 p. : _bill. ; _c26 cm. |
||
| 504 | _aIncludes bibliographical references and index. | ||
| 650 | 0 |
_aTransgenic organisms _xRisk assessment. _9171254 |
|
| 700 | 1 |
_aLetourneau, Deborah Kay. _9171255 |
|
| 700 | 1 |
_aBurrows, Beth Elpern. _9171256 |
|
| 856 | 4 | 2 |
_3Publisher description _uhttp://www.loc.gov/catdir/enhancements/fy0646/2001037635-d.html |
| 942 |
_2ddc _cBK |
||
| 999 |
_c57670 _d57670 |
||